Normal view
MARC view
- Munib Ullah (00000206912)
Entry Personal Name
001 - CONTROL NUMBER
- control field: 116586
003 - CONTROL NUMBER IDENTIFIER
- control field: NUST
005 - DATE AND TIME OF LATEST TRANSACTION
- control field: 20230912170011.0
008 - FIXED-LENGTH DATA ELEMENTS
- fixed length control field: 230912|| aca||aabn | a|a d
040 ## - CATALOGING SOURCE
- Original cataloging agency: NUST
- Transcribing agency: NUST
100 ## - HEADING--PERSONAL NAME
- Personal name: Munib Ullah (00000206912)
670 ## - SOURCE DATA FOUND
- Source citation: Work cat.: (NUST): Munib Ullah (00000206912), Design of Linear Quadratic Regulator (LQR) Controller for Sepic Converter /, 2021
